01131nam a2200253 i 450000100060000000300090000600500170001500700030003200800410003502000180007608000140009410000360010824502040014426000760034830000300042465000230045470000470047770000370052470000450056171000990060685200330070599900170073895201220075517053ES-MaACL20250828092115.0t|001218s1994 sp ||||1| spa d a84-87291-38-4 a159.953.51 aGarcía Jurado, José.95480310aCuaderno de ilustraciones prácticas en psicología del aprendizaje /cJosé García Jurado, Ricardo Pellón Suárez de Puga, Teresa Rizo Gutiérrez ; dibujos: José María López Noblejas. aMelilla : bServicio de Publicaciones del Centro UNED-Melilla, c[1994] a126 p. : bil. ; c21 cm.14aAprendizaje.999241 aPellón Suárez de Puga, Ricardo.9901081 aRizo Gutiérrez, Teresa.9977531 aLópez Noblejas, José María.9738282 aUniversidad Nacional de Educación a Distancia (España). bCentro Asociado de Melilla97407 aES-MaACLjL-24000 bR.129054 c17053d17053 00104070aATENEOMbATENEOMcDEPO2d2008-01-17eSCl0oL-24000p1017398r2023-02-23 00:00:00w2023-02-23yMONOGRAFIA